General chemistry / (Record no. 1510)
[ view plain ]
| 000 -LEADER | |
|---|---|
| fixed length control field | 01403nam a22003735i 4500 |
| 003 - CONTROL NUMBER IDENTIFIER | |
| control field | EG-ScBUE |
| 005 - DATE AND TIME OF LATEST TRANSACTION | |
| control field | 20250707093711.0 |
| 006 - FIXED-LENGTH DATA ELEMENTS--ADDITIONAL MATERIAL CHARACTERISTICS--GENERAL INFORMATION | |
| fixed length control field | m||||fq||h 00| 0 |
| 008 - FIXED-LENGTH DATA ELEMENTS--GENERAL INFORMATION | |
| fixed length control field | 090427t2005 njuacf f d 001 0 eng d |
| 020 ## - INTERNATIONAL STANDARD BOOK NUMBER | |
| International Standard Book Number | 0131402838 |
| 020 ## - INTERNATIONAL STANDARD BOOK NUMBER | |
| International Standard Book Number | 9780131402836 |
| 040 ## - CATALOGING SOURCE | |
| Original cataloging agency | EG-ScBUE |
| Language of cataloging | eng |
| Description conventions | rda |
| Transcribing agency | EG-ScBUE |
| Modifying agency | EG-ScBUE |
| 082 04 - DEWEY DECIMAL CLASSIFICATION NUMBER | |
| Classification number | 540 |
| Item number | GEN |
| Edition number | 22 |
| 245 00 - TITLE STATEMENT | |
| Title | General chemistry / |
| Statement of responsibility, etc | John W. Hill, University of Wisconsin-River Falls [and three others] |
| 250 ## - EDITION STATEMENT | |
| Edition statement | Fourth edition. |
| 250 ## - EDITION STATEMENT | |
| Edition statement | International edition. |
| 264 #1 - PUBLICATION, DISTRIBUTION, ETC. (IMPRINT) | |
| Place of publication, distribution, etc | Upper Saddle River, New Jersey : |
| Name of publisher, distributor, etc | Pearson Prentice Hall, |
| Date of publication, distribution, etc | [2005] |
| 264 #4 - PUBLICATION, DISTRIBUTION, ETC. (IMPRINT) | |
| Date of publication, distribution, etc | c2005 |
| 300 ## - PHYSICAL DESCRIPTION | |
| Extent | 1 volume (various pagings) : |
| Other physical details | color illustrations, color portraits, forms ; |
| Dimensions | 29 cm + |
| Accompanying material | 1 CD |
| 336 ## - CONTENT TYPE | |
| Source | rdacontent |
| Content type term | text |
| Content type code | txt |
| 336 ## - CONTENT TYPE | |
| Source | rdacontent |
| Content type term | sounds |
| Content type code | snd |
| 337 ## - MEDIA TYPE | |
| Media type term | unmediated |
| Source | rdamedia |
| Media type code | n |
| 337 ## - MEDIA TYPE | |
| Media type term | audio |
| Source | rdamedia |
| Media type code | s |
| 338 ## - CARRIER TYPE | |
| Carrier type term | volume |
| Carrier type code | nc |
| Source | rdacarrier |
| 338 ## - CARRIER TYPE | |
| Carrier type term | computer disc |
| Carrier type code | cd |
| Source | rdacarrier |
| 500 ## - GENERAL NOTE | |
| General note | The Prentice Hall guide to evaluating online resources with Research Navigator. Science / Melissa Payton with contributions by Eric Stavney, Michelle A. Priest. |
| 500 ## - GENERAL NOTE | |
| General note | Includes index.<br/> |
| 500 ## - GENERAL NOTE | |
| General note | Includes Appendices.<br/> |
| 500 ## - GENERAL NOTE | |
| General note | Includes glossary.<br/> |
| 650 #7 - SUBJECT ADDED ENTRY--TOPICAL TERM | |
| Topical term or geographic name as entry element | Chemistry. |
| 9 (RLIN) | 4328 |
| Source of heading or term | BUEsh |
| 655 ## - INDEX TERM--GENRE/FORM | |
| Form subdivision | Reading book |
| 700 1# - ADDED ENTRY--PERSONAL NAME | |
| Personal name | Hill, John W. |
| Fuller form of name | (John William), |
| Dates associated with a name | 1933- |
| 9 (RLIN) | 4329 |
| Relator term | author. |
| 942 ## - ADDED ENTRY ELEMENTS (KOHA) | |
| Source of classification or shelving scheme | Dewey Decimal Classification |
| Koha item type | Book - Borrowing |
| Withdrawn status | Lost status | Source of classification or shelving scheme | Damaged status | Not for loan | Collection code | Home library | Current library | Shelving location | Date acquired | Source of acquisition | Cost, normal purchase price | Total Checkouts | Full call number | Barcode | Date last seen | Date checked out | Cost, replacement price | Price effective from | Koha item type | Total Renewals |
|---|---|---|---|---|---|---|---|---|---|---|---|---|---|---|---|---|---|---|---|---|
| Dewey Decimal Classification | Central Library | Central Library | First floor | 31/10/2006 | 150.00 | 5 | 540 GEN | 000002852 | 15/07/2025 | 25/09/2012 | 187.50 | 31/10/2006 | Book - Borrowing | |||||||
| Central Library | Central Library | First floor | 06/12/2005 | Purchase | 2 | 540 GEN | 000002652 | 15/07/2025 | 24/09/2012 | 05/12/2006 | Book - Borrowing | |||||||||
| Central Library | Central Library | First floor | 06/12/2005 | Purchase | 3 | 540 GEN | 000002650 | 15/07/2025 | 05/02/2013 | 05/12/2006 | Book - Borrowing | |||||||||
| Central Library | Central Library | First floor | 06/12/2005 | Purchase | 2 | 540 GEN | 000002649 | 15/07/2025 | 24/09/2012 | 05/12/2006 | Book - Borrowing | |||||||||
| Dewey Decimal Classification | Central Library | Central Library | First floor | 06/07/2011 | 2 | 540 GEN | 000002648 | 15/07/2025 | 05/02/2013 | NB - Book (Non borrowing) | ||||||||||
| Dewey Decimal Classification | Central Library | Central Library | First floor | 06/07/2011 | 540 GEN | 000007510 | 24/08/2022 | 06/07/2011 | CD | DVD - With book | |||||||||||
| Dewey Decimal Classification | Central Library | Central Library | First floor | 06/07/2011 | 540 GEN | 000024326 | 24/08/2022 | 06/07/2011 | CD | DVD - With book (NB) | |||||||||||
| Dewey Decimal Classification | Central Library | Central Library | First floor | 06/07/2011 | 1 | 540 GEN | 000001547 | 15/07/2025 | 24/09/2012 | 06/07/2011 | Book - Borrowing | |||||||||
| Dewey Decimal Classification | Central Library | Central Library | First floor | 06/07/2011 | 3 | 540 GEN | 000003831 | 15/07/2025 | 18/03/2018 | 06/07/2011 | Book - Borrowing | 7 |